| Tag |
First Indicator |
Second Indicator |
Subfields |
| LEADER |
00000cam a2200000 a 4500 |
| 001 |
in00000025725 |
| 005 |
20151007054442.0 |
| 007 |
he bmb||||||| |
| 008 |
840507r19841981oru bb 00010 eng d |
| 035 |
|
|
|a (OCoLC)10699376
|
| 035 |
|
|
|9 AAB5106AM
|
| 040 |
|
|
|a IWU
|c IWU
|d CLU
|d TXA
|d UtOrBLW
|
| 049 |
|
|
|a TXAI
|
| 099 |
|
|
|a fiche
|a C
|a 6740
|
| 100 |
1 |
|
|a Hopkins, Paulette W.,
|q (Paulette Wong)
|
| 245 |
1 |
2 |
|a A comparison of movement times between the open and closed stance for the tennis forehand groundstroke /
|c by Paulette W. Hopkins.
|
| 264 |
|
1 |
|a [Place of publication not identified] :
|b [publisher not identified] ;
|c 1981.
|
| 300 |
|
|
|a viii, 56 leaves.
|
| 336 |
|
|
|a text
|b txt
|2 rdacontent
|
| 337 |
|
|
|a microform
|b h
|2 rdamedia
|
| 338 |
|
|
|a microfiche
|b he
|2 rdacarrier
|
| 502 |
|
|
|b M.S.
|c Pennsylvania State University
|d 1981.
|
| 504 |
|
|
|a Bibliography : leaves 32-34.
|
| 533 |
|
|
|a Microfiche.
|b Eugene :
|c Microform Publications, College of Human Development and Performance, University of Oregon,
|d 1984.
|e 1 microfiche : negative ; 11 x 15 cm.
|
| 500 |
|
|
|a Microform.
|
| 650 |
|
0 |
|a Tennis.
|
| 650 |
|
0 |
|a Reaction time.
|
| 650 |
|
0 |
|a Women tennis players.
|
| 999 |
|
|
|a MARS
|
| 999 |
f |
f |
|s d9e27ad2-6ba7-33f0-a0bb-968f12ec5285
|i dd56280e-f9f2-3e4d-8fde-107e3866ca99
|t 0
|
| 952 |
f |
f |
|p normal
|a Texas A&M University
|b College Station
|c Sterling C. Evans Library
|d Evans: Microforms (3rd floor)
|t 0
|e fiche C 6740
|h Other scheme
|i microform -- microfiche
|m A14823002044
|
| 998 |
f |
f |
|a fiche C 6740
|t 0
|l Evans: Microforms (3rd floor)
|